| 000 | 01087cam a2200313 a 4500 | ||
|---|---|---|---|
| 999 |
_c5618 _d5618 |
||
| 001 | 2580241 | ||
| 003 | GBCCL | ||
| 005 | 20241126110546.0 | ||
| 008 | 960718s1997 nyua b 001 0deng | ||
| 010 | _a 96030611 | ||
| 020 | _a0895779080 | ||
| 040 |
_aDLC _cDLC _dDLC |
||
| 050 | 0 | 0 |
_aBS2415 _b.B69 1997 |
| 082 | 0 | 0 |
_a232.954 _220 _bBRA |
| 100 | 1 |
_aBraybrooke, Marcus. _93922 |
|
| 245 | 1 | 4 |
_aThe wisdom of Jesus / _cMarcus Braybrooke. |
| 250 | _a1st North American ed. | ||
| 260 |
_aPleasantville, N.Y. : _bReader's Digest Association, _cc1997. |
||
| 300 |
_a95 p. : _bcol. ill. ; _c27 cm. |
||
| 440 | 0 |
_aBible wisdom for today _99108 |
|
| 504 | _aIncludes bibliographical references (p. 92) and index. | ||
| 600 | 0 | 0 |
_aJesus Christ _xTeachings. _9527 |
| 600 | 0 | 0 |
_aJesus Christ _xParables. _92282 |
| 600 | 0 | 0 |
_aJesus Christ _xPreaching. _910155 |
| 600 | 0 | 0 |
_aJesus Christ _xCounseling methods. _910156 |
| 906 |
_a7 _bcbc _corignew _d1 _eocip _f19 _gy-gencatlg |
||
| 942 |
_2ddc _cBK |
||